Recent Trends in International Migration of Doctors, Nurses and Medical Students

Salvato in:
Dettagli Bibliografici
Natura: Libro
Lingua:inglese
Pubblicazione: Paris OECD 2019
Soggetti:
Tags: Aggiungi Tag
Nessun Tag, puoi essere il primo ad aggiungerne!!

MARC

LEADER 00000nam a2200000 4500
001 0276814
005 20221220065135.3
020 |a 978-92-64-51170-5 
041 0 |a eng 
044 |a FR 
245 1 0 |a Recent Trends in International Migration of Doctors, Nurses and Medical Students 
264 1 |a Paris  |b OECD  |c 2019 
300 |a 139 s. 
610 2 0 |a migrácia 
610 2 0 |a zdravotníctvo 
610 2 0 |a lekári 
610 2 0 |a zdravotníci 
610 2 0 |a študenti 
610 2 0 |a vzdelávanie 
610 2 0 |a porovnanie štatistické medzinárodné